| 000 | 00673nam a2200193 4500 | ||
|---|---|---|---|
| 008 | 010625s1999 enk 0 engYA | ||
| 020 | _a1850759928 | ||
| 090 |
_aBS1225.2 _bR62i |
||
| 100 | 1 | _aRofe, Alexander | |
| 245 | 1 | 0 |
_aIntroduction to the composition of Pentateuch / _cAlexander Rofe |
| 260 |
_aEngland : _bSheffield Academic Press, _cc1999. |
||
| 300 | _a152 p. | ||
| 490 | 1 |
_aThe biblical seminar; _v58. |
|
| 504 | _aBiblio : pp. 137-140. | ||
| 650 | 4 |
_aBible. O.T. Pentateuch _xCriticism, interpretation, etc. |
|
| 650 | 4 |
_aBible. O.T. Pentateuch _xIntroductions |
|
| 950 | 0 | _19.95/12 | |
| 951 |
_p23750 _x00014998 _oBS1225.2/R62i _j070613110929703 _d2000-12-21 _cGC |
||
| 999 |
_c2000 _d2000 |
||